000 00441nam a2200193Ia 4500
999 _c5823
_d5823
003 0100
008 130227s9999 xx 000 0 und d
040 _cARRUPELIB
050 _aDT433.287.K477B17 2008
100 _aBorruso, Silvano
_930708
245 _aPrince Katama
260 _bPaulines Publications Africa
_aNairobi
_c2008
300 _a125p.
300 _b 22cm.
650 _aBusoga--History
_930709
942 _2lcc
_cMONOGRAPH